ბათუმის შოთა რუსთაველის სახელმწიფო უნივერსიტეტის ბიბლიოთეკა

Твердые смазочные материалы и антифрикционные покрытия=SOLID LUBRICANTS AHD SUREACES. (ბიბ.ჩანაწერი № 40619)

000 -LEADER
fixed length control field 00801nam a2200217Ia 4500
001 - CONTROL NUMBER
control field 7246
003 - CONTROL NUMBER IDENTIFIER
control field GE_BSU
008 - FIXED-LENGTH DATA ELEMENTS--GENERAL INFORMATION
fixed length control field 181216s||||||||xx |||||||||||||| ||und||
040 ## - CATALOGING SOURCE
Transcribing agency GE_BSU
080 ## - UNIVERSAL DECIMAL CLASSIFICATION NUMBER
Universal Decimal Classification number 665.521.5
100 ## - MAIN ENTRY--PERSONAL NAME
Personal name Брейтуаэит,Е.Р.
245 ## - TITLE STATEMENT
Title Твердые смазочные материалы и антифрикционные покрытия=SOLID LUBRICANTS AHD SUREACES.
245 ## - TITLE STATEMENT
Statement of responsibility, etc. Под ред. В.В.Синицына, ред. С.И.Бабушкина.
250 ## - EDITION STATEMENT
Edition statement перевод с английского С.Д.Клюшнева.
260 ## - PUBLICATION, DISTRIBUTION, ETC.
Place of publication, distribution, etc. М.
260 ## - PUBLICATION, DISTRIBUTION, ETC.
Name of publisher, distributor, etc. Химия.
260 ## - PUBLICATION, DISTRIBUTION, ETC.
Date of publication, distribution, etc. 1967.
300 ## - PHYSICAL DESCRIPTION
Extent 320стр.22см.
653 ## - INDEX TERM--UNCONTROLLED
Uncontrolled term Твердые смазочные материалы и антифрикционные покрытия
942 ## - ADDED ENTRY ELEMENTS (KOHA)
Koha item type წიგნი
ეგზემპლარები
Withdrawn status Lost status Damaged status Not for loan Date acquired Barcode Date last seen Price effective from Koha item type
        2018-12-17 9653 2018-12-17 2018-12-17 წიგნი
        2018-12-17 9654 2018-12-17 2018-12-17 წიგნი